University Home | Library Home | Institutional Repository

Japan : (Record no. 101323)

MARC details
000 -LEADER
fixed length control field 00363cam7a220013300 4500
005 - DATE AND TIME OF LATEST TRANSACTION
control field 20190819100741.0
008 - FIXED-LENGTH DATA ELEMENTS--GENERAL INFORMATION
fixed length control field 040720
020 ## - INTERNATIONAL STANDARD BOOK NUMBER
International Standard Book Number 4770018924
035 ## - SYSTEM CONTROL NUMBER
System control number (Sirsi) a147118
050 #0 - LIBRARY OF CONGRESS CALL NUMBER
Classification number DS806
Item number JAP 1995
245 10 - TITLE STATEMENT
Title Japan :
Remainder of title profile of a nation
260 ## - PUBLICATION, DISTRIBUTION, ETC.
Place of publication, distribution, etc. Tokyo:
Name of publisher, distributor, etc. Kodansha International,
Date of publication, distribution, etc. 1995.
651 #0 - SUBJECT ADDED ENTRY--GEOGRAPHIC NAME
Geographic name Japan
Linkage S4300.1

No items available.

© 2026 - The University of Zambia Library - Koha v25.11